[Event "Brno Duras op-B"]
[Site "Brno"]
[Date "2012.06.27"]
[Round "6"]
[White "Glozar, Petr"]
[Black "Dumek, David"]
[Result "1-0"]
[WhiteElo "1250"]
[BlackElo "1250"]
[PlyCount "55"]
[EventDate "2012.06.23"]
[EventType "tourn"]
[EventRounds "9"]
[EventCountry "CZE"]
[SourceTitle "CBM 149 Extra"]
[Source "ChessBase"]
[SourceDate "2012.08.24"]
[SourceVersion "1"]
[SourceVersionDate "2012.08.24"]
[SourceQuality "1"]

1. e4 e5 2. Nf3 Nc6 3. Bb5 d6 4. d4 exd4 5. Nxd4 Bd7 6. Nxc6 Bxc6 7. Bxc6+ bxc6 8. 0-0 Nf6 9. Nc3 d5 10. exd5 cxd5 11. Bg5 Be7 12. Bxf6 Bxf6 13. Re1+ Be7 14. Nxd5 Kf8 15. Nxe7 Qb8 16. b3 g6 17. Qd4 Rg8 18. Qc5 Kg7 19. Nxg8 Kxg8 20. Re7 Qd8 21. Qxc7 Qd4 22. Rae1 Rd8 23. Qxd8+ Qxd8 24. Re8+ Qxe8 25. Rxe8+ Kg7 26. c4 f5 27. c5 Kf7 28. Re1 1-0